00326pab a2200121 454500008004000000100002200040245006400062260000900126300001300135362001000148650001200158773003400170180718b2010 xxu||||| |||| 00| 0 eng d aBanerjee, Abhijit aTourism in protected areas: worsening prospects for tigers? c2010 ap.27-29. a6 Mar aTourism aEconomic and Political Weekly